| 000 | 00000nam##2200000za#4500 |
| 001 | 9.644920 |
| 003 | CaOODSP |
| 005 | 20250506145324 |
| 007 | ta |
| 008 | 150407|1991||||xxc||||| f|0| 0 eng|d |
| 020 | |a0-662-18333-9 |
| 040 | |aCaOODSP|beng |
| 043 | |an-cn--- |
| 086 | 1 |aA63-1858/1991E |
| 110 | 1 |aCanada.|bAgriculture Canada. |
| 245 | 10|aBloat in cattle / |cby R. E. Howarth et al. |
| 260 | |aOttawa - Ontario : |bAgriculture Canada |c1991. |
| 300 | |a34p. : |bfigs., graphs, tables ; |c23 cm. |
| 500 | |aN.B.: Incorrect catalogue number (63-1858/1991E) printed in this publication. |
| 504 | |aBibliography. |
| 563 | |aSoftcover |
| 590 | |a91-16|b1991-04-19 |
| 720 | 1 |aHowarth, R. E. |
| 775 | 08|tLa météorisation chez les bovins / |w(CaOODSP)9.678710 |
| 776 | 0#|tBloat in cattle / |w(CaOODSP)9.699989 |
| 986 | |aPublication 1858/E |